[Event "4NCL Division 4 South"]
[Site "Reading, ENG"]
[Date "2017.01.15"]
[Round "4.36"]
[White "Finn, Daniel"]
[Black "Jaufarally, Zahra"]
[Result "1-0"]
[WhiteElo "1467"]
[BlackElo "1330"]
[PlyCount "69"]
[EventDate "2017.01.15"]
[WhiteTeam "Sussex Martlets 3"]
[BlackTeam "D&D Utd"]

1. d4 Nf6 2. Nf3 e6 3. c4 Nc6 4. Bg5 Be7 5. e3 O-O 6. Nc3 b6 7. Bd3 Bb7 8. O-O
Nb4 9. Be2 Ne4 10. Nxe4 Bxe4 11. Bf4 Bc2 12. Qd2 Be4 13. a3 Na6 14. Rac1 d5 15.
cxd5 exd5 16. Bxa6 c5 17. Be2 Qd7 18. Ne5 Qe6 19. Bg4 f5 20. Be2 Bd6 21. f3
cxd4 22. exd4 Bxf3 23. Bxf3 Rad8 24. Rfe1 b5 25. Nc6 Bxf4 26. Qxf4 Qd7 27. Nxd8
Qxd8 28. Qe5 Qg5 29. Qe6+ Kh8 30. Rc8 h6 31. Rxf8+ Kh7 32. Qg8+ Kg6 33. Re6+
Qf6 34. Rfxf6+ Kg5 35. Qxg7+ 1-0

[Event "4NCL Division 4 South"]
[Site "Reading, ENG"]
[Date "2017.01.15"]
[Round "4.41"]
[White "Davis, Lee"]
[Black "Usher, Michael E"]
[Result "1-0"]
[WhiteElo "2030"]
[BlackElo "1769"]
[PlyCount "149"]
[EventDate "2017.01.15"]
[WhiteTeam "The Full Ponty"]
[BlackTeam "Iceni 2"]

1. g3 c6 2. d4 d6 3. Bg2 Nd7 4. Nf3 Ngf6 5. O-O g6 6. c4 Bg7 7. Nc3 O-O 8. e4
e5 9. h3 Qc7 10. Be3 Re8 11. d5 c5 12. Ne1 a6 13. Qc2 Nh5 14. Kh2 Nb6 15. Qe2
Qe7 16. b3 Bd7 17. Rc1 Rf8 18. Nd3 Rae8 19. Bf3 Nf6 20. Nb1 Bc8 21. b4 Nfd7 22.
bxc5 Nxc5 23. Nxc5 dxc5 24. Nc3 Qc7 25. Rfd1 Rd8 26. a4 Nd7 27. d6 Qc6 28. Rd5
Nb6 29. Rxc5 Qxd6 30. Rd1 Qe6 31. Bg2 Rxd1 32. Nxd1 Nxa4 33. Rd5 Nb6 34. Rc5
Rd8 35. Nc3 Bf8 36. Rd5 Nxd5 37. exd5 Qd7 38. Bg5 Be7 39. Qxe5 Bxg5 40. Qxg5
Re8 41. Ne4 Rxe4 42. Bxe4 Qxh3+ 43. Kg1 Qd7 44. c5 Qe8 45. d6 Kg7 46. Qe7 Qxe7
47. dxe7 Bd7 48. Bxb7 Kf6 49. c6 Bxc6 50. Bxc6 Kxe7 51. Kg2 h6 52. Kf3 Kd6 53.
Be8 Ke7 54. Ba4 f6 55. Ke4 a5 56. Kd5 h5 57. Ke4 Kf7 58. Bb3+ Kg7 59. Kd5 g5
60. Ke4 Kg6 61. Ba4 h4 62. gxh4 gxh4 63. Kf4 h3 64. Bc2+ Kh5 65. Kg3 h2 66.
Kxh2 Kg4 67. Kg2 Kf4 68. Ba4 f5 69. Bc6 Kg4 70. Kf1 Kf4 71. Ke2 Kg4 72. Ke3 Kg5
73. Kf3 Kf6 74. Kf4 Kg6 75. Bd7 1-0

[Event "4NCL Division 4 South"]
[Site "Reading, ENG"]
[Date "2017.01.15"]
[Round "4.42"]
[White "Lovell, Steve"]
[Black "Fletcher, John"]
[Result "0-1"]
[WhiteElo "1794"]
[BlackElo "1995"]
[PlyCount "112"]
[EventDate "2017.01.15"]
[WhiteTeam "Iceni 2"]
[BlackTeam "The Full Ponty"]

1. e4 d5 2. exd5 Qxd5 3. Nc3 Qa5 4. d4 Nf6 5. Bd2 c6 6. Bc4 Qb4 7. b3 Qd6 8.
Nge2 e6 9. Bf4 Qd8 10. O-O Nbd7 11. Ng3 Nb6 12. Nce4 Be7 13. c3 Nfd5 14. Qf3
Nxf4 15. Qxf4 O-O 16. Rac1 Nxc4 17. bxc4 f5 18. Nc5 Bg5 19. Qe5 Bxc1 20. Rxc1
Qf6 21. Qe2 Qh6 22. Re1 f4 23. Nge4 f3 24. Qe3 Qxe3 25. Rxe3 b6 26. Nd3 fxg2
27. Ne5 Ba6 28. Kxg2 Rac8 29. c5 Rf5 30. Rg3 Bb5 31. Nd6 Rxe5 32. dxe5 Rf8 33.
Nxb5 cxb5 34. cxb6 axb6 35. Rd3 Rf5 36. Re3 Kf7 37. Re4 g5 38. Kg3 h5 39. f4
gxf4+ 40. Rxf4 Kg6 41. Kf3 Rxe5 42. Re4 Rxe4 43. Kxe4 Kf6 44. h4 e5 45. Ke3 Kf5
46. Kf3 e4+ 47. Ke3 Ke5 48. Ke2 Kf4 49. Kf2 e3+ 50. Ke2 Ke4 51. a3 Kf4 52. Ke1
Kf3 53. Kf1 e2+ 54. Ke1 Ke3 55. c4 bxc4 56. a4 c3 0-1

[Event "4NCL Division 4 South"]
[Site "Reading, ENG"]
[Date "2017.01.15"]
[Round "4.43"]
[White "Adams, Mark"]
[Black "Jones, Robert L"]
[Result "1-0"]
[WhiteElo "1965"]
[BlackElo "1789"]
[PlyCount "93"]
[EventDate "2017.01.15"]
[WhiteTeam "The Full Ponty"]
[BlackTeam "Iceni 2"]

1. e4 e6 2. d4 d5 3. Nc3 Bb4 4. e5 c5 5. Bd2 a6 6. a3 Bxc3 7. Bxc3 cxd4 8. Qxd4
Nc6 9. Qg4 Kf8 10. Nf3 f5 11. Qf4 Nge7 12. O-O-O Qc7 13. h4 Ng6 14. Qe3 h5 15.
g3 Bd7 16. Bd3 Re8 17. Rhe1 Bc8 18. Ng5 Nge7 19. f4 Rh6 20. Be2 Bd7 21. Qc5 Kg8
22. Kb1 Nc8 23. Nf3 Qb6 24. Qxb6 Nxb6 25. b3 g6 26. Bb2 Rh7 27. a4 Rd8 28. Rd2
Kf7 29. Red1 Ke8 30. Ba3 Ra8 31. Bc5 Nc8 32. Ng5 Rg7 33. c4 dxc4 34. Bxc4 Nd8
35. a5 Na7 36. Bb6 Nac6 37. Rd6 Re7 38. Kb2 Rc8 39. Ka3 Ra8 40. b4 Rc8 41. Bc5
Nxa5 42. Ba2 Nac6 43. Bb3 b5 44. Bb6 Nb7 45. Rxd7 Rxd7 46. Rxd7 Kxd7 47. Bxe6+
1-0

[Event "4NCL Division 4 South"]
[Site "Reading, ENG"]
[Date "2017.01.15"]
[Round "4.44"]
[White "Carter, Dominic A"]
[Black "Perrett, David C"]
[Result "0-1"]
[WhiteElo "1675"]
[BlackElo "1957"]
[PlyCount "76"]
[EventDate "2017.01.15"]
[WhiteTeam "Iceni 2"]
[BlackTeam "The Full Ponty"]

1. e4 Nf6 2. e5 Nd5 3. d4 d6 4. c4 Nb6 5. exd6 cxd6 6. Nc3 g6 7. Be3 Bg7 8. Rc1
O-O 9. b3 Nc6 10. d5 Ne5 11. Be2 f5 12. f4 Ng4 13. Bxg4 fxg4 14. Nge2 e5 15.
dxe6 Bxe6 16. O-O d5 17. c5 Nc8 18. Nd4 Bf5 19. Nxf5 Rxf5 20. Bd4 Bxd4+ 21.
Qxd4 Ne7 22. Nb5 Nc6 23. Qd2 Qd7 24. Nd6 Ne7 25. Nxf5 Nxf5 26. Rfe1 Rc8 27. Re5
d4 28. Qd3 Kg7 29. Rce1 b6 30. b4 bxc5 31. Rxc5 Rxc5 32. bxc5 Qc6 33. Re5 Ne3
34. Rxe3 dxe3 35. Qxe3 Kf7 36. Qe5 Qb7 37. Qe2 Qb4 38. Qxg4 Qe1# 0-1

[Event "4NCL Division 4 South"]
[Site "Reading, ENG"]
[Date "2017.01.15"]
[Round "4.45"]
[White "Thomas, Gary"]
[Black "Balakrishnan, Kathirvel"]
[Result "1/2-1/2"]
[WhiteElo "1945"]
[BlackElo "1556"]
[PlyCount "70"]
[EventDate "2017.01.15"]
[WhiteTeam "The Full Ponty"]
[BlackTeam "Iceni 2"]

1. e4 e6 2. d4 d5 3. Nc3 Bb4 4. e5 Ne7 5. Nf3 c5 6. Bd2 cxd4 7. Nb5 Bc5 8. b4
a6 9. bxc5 axb5 10. Bxb5+ Bd7 11. Nxd4 Nbc6 12. Nxc6 Nxc6 13. Qg4 Rg8 14. Bxc6
Bxc6 15. O-O Ra4 16. f4 Qa8 17. Qh3 h6 18. f5 Qc8 19. f6 gxf6 20. Rxf6 Rag4 21.
g3 Bb5 22. Be3 Qc7 23. Qh5 R8g6 24. Re1 Qa5 25. Rb1 Bc6 26. Rbf1 Bb5 27. Rxf7
Bxf1 28. Rxf1 Qc3 29. Bf2 R4g5 30. Qe2 Qxe5 31. Qb5+ Kd8 32. Be1 Qe3+ 33. Bf2
Rxg3+ 34. hxg3 Rxg3+ 35. Kh2 Rh3+ 1/2-1/2

[Event "4NCL Division 4 South"]
[Site "Reading, ENG"]
[Date "2017.01.15"]
[Round "4.46"]
[White "Thatte, Nishchal"]
[Black "Dixon, Chris"]
[Result "0-1"]
[WhiteElo "1584"]
[BlackElo "1800"]
[PlyCount "86"]
[EventDate "2017.01.15"]
[WhiteTeam "Iceni 2"]
[BlackTeam "The Full Ponty"]

1. e4 d6 2. d4 Nf6 3. Nc3 g6 4. f4 Bg7 5. Nf3 O-O 6. Bd3 Nc6 7. O-O Bg4 8. Be2
Bxf3 9. Bxf3 e5 10. fxe5 dxe5 11. d5 Nd4 12. Bg5 h6 13. Bh4 Qd6 14. Qd3 a6 15.
Kh1 Nd7 16. Bf2 Nxf3 17. Qxf3 Kh7 18. Rad1 b6 19. Qe2 Qb4 20. Rd3 Qd6 21. Rh3
f5 22. Qd2 f4 23. g3 g5 24. gxf4 exf4 25. Rg1 Qe5 26. Qe2 Kg8 27. Qg4 Nf6 28.
Qe6+ Qxe6 29. dxe6 Rfe8 30. e5 Nh7 31. Re1 Rad8 32. e7 Rxe7 33. Rd3 Rxd3 34.
cxd3 Rxe5 35. Rd1 Nf6 36. d4 Re8 37. d5 Ng4 38. Kg2 Nxf2 39. Kxf2 Bf8 40. Kf3
Re3+ 41. Kg4 Kg7 42. Rg1 Kg6 43. h4 h5# 0-1

[Event "4NCL Division 4 South"]
[Site "Reading, ENG"]
[Date "2017.01.15"]
[Round "4.51"]
[White "Lunn, Timothy"]
[Black "Lewis, Christopher D"]
[Result "1-0"]
[WhiteElo "2005"]
[BlackElo "1945"]
[PlyCount "95"]
[EventDate "2017.01.15"]
[WhiteTeam "Anglian Avengers 3"]
[BlackTeam "Shropshire 2"]

1. e4 c6 2. d4 d5 3. Nd2 dxe4 4. Nxe4 Bf5 5. Ng3 Bg6 6. h4 h6 7. h5 Bh7 8. Nf3
e6 9. Bd3 Bxd3 10. Qxd3 Nd7 11. Bd2 Be7 12. O-O-O Ngf6 13. Kb1 Qc7 14. Ne4 c5
15. Nxc5 Nxc5 16. dxc5 Qxc5 17. Be3 Qa5 18. g4 Rd8 19. Qc4 Nd5 20. Bd4 Bf6 21.
Bxf6 Nxf6 22. Rxd8+ Qxd8 23. Qa4+ Qd7 24. Qf4 O-O 25. g5 hxg5 26. Nxg5 Rd8 27.
h6 Qd1+ 28. Qc1 Qxc1+ 29. Kxc1 gxh6 30. Rxh6 Ng4 31. Rh8+ Kxh8 32. Nxf7+ Kg7
33. Nxd8 b6 34. Nxe6+ Kf6 35. f3 Ne3 36. Nd4 Nd5 37. c3 Ke5 38. Kd2 Kf4 39. b3
a6 40. a3 Ke5 41. Ne2 Nc7 42. c4 Ne6 43. b4 Nc7 44. Kd3 a5 45. f4+ Kf5 46. Kd4
axb4 47. axb4 Na6 48. c5 1-0

[Event "4NCL Division 4 South"]
[Site "Reading, ENG"]
[Date "2017.01.15"]
[Round "4.52"]
[White "Higgie, Charles L"]
[Black "Cocks, Elliot"]
[Result "1-0"]
[WhiteElo "1945"]
[BlackElo "1915"]
[PlyCount "53"]
[EventDate "2017.01.15"]
[WhiteTeam "Shropshire 2"]
[BlackTeam "Anglian Avengers 3"]

1. d4 Nf6 2. c4 c5 3. d5 b5 4. cxb5 a6 5. e3 Bb7 6. Nc3 axb5 7. Bxb5 Qa5 8. Bd2
Qb6 9. e4 Nxe4 10. Nge2 Nxc3 11. Nxc3 g6 12. O-O Bg7 13. Re1 O-O 14. Rxe7 Bxc3
15. Bxc3 Qxb5 16. Qd2 Nc6 17. dxc6 Qxc6 18. f3 d5 19. Be5 f6 20. Qh6 Rf7 21.
Rxf7 Kxf7 22. Qxh7+ Ke6 23. Bg3 d4 24. Re1+ Kf5 25. Qh3+ Kg5 26. Qh4+ Kf5 27.
Qf4# 1-0

[Event "4NCL Division 4 South"]
[Site "Reading, ENG"]
[Date "2017.01.15"]
[Round "4.53"]
[White "Sheerin, Alex"]
[Black "Bennion, David"]
[Result "0-1"]
[WhiteElo "1825"]
[BlackElo "1862"]
[PlyCount "74"]
[EventDate "2017.01.15"]
[WhiteTeam "Anglian Avengers 3"]
[BlackTeam "Shropshire 2"]

1. e4 e6 2. d4 d5 3. Nc3 c5 4. exd5 exd5 5. Nf3 Nc6 6. Be3 cxd4 7. Nxd4 Nf6 8.
Be2 Bb4 9. O-O Ne5 10. Bf4 Ng6 11. Bg5 O-O 12. Bxf6 gxf6 13. Ndb5 Nf4 14. Bf3
Be6 15. Qd4 Bxc3 16. Nxc3 Ng6 17. Nxd5 Bxd5 18. Qxd5 Qc7 19. Qb3 Kh8 20. Rad1
Ne5 21. Be4 Rg8 22. Qh3 Rg7 23. Kh1 Rd8 24. Qf5 Ng4 25. Rxd8+ Qxd8 26. h3 Nh6
27. Qf3 b6 28. Rd1 Qe7 29. Qd3 Qe5 30. Qd4 Qg5 31. Qc3 Rg8 32. Qc7 Qh4 33. Bf3
Qxf2 34. Qxa7 Rg3 35. Kh2 Nf5 36. Qxf7 Rxh3+ 37. Kxh3 Qg3# 0-1

[Event "4NCL Division 4 South"]
[Site "Reading, ENG"]
[Date "2017.01.15"]
[Round "4.54"]
[White "Tarr, Steve F"]
[Black "Woodcock, Keith D"]
[Result "1-0"]
[WhiteElo "1840"]
[BlackElo "1727"]
[PlyCount "77"]
[EventDate "2017.01.15"]
[WhiteTeam "Shropshire 2"]
[BlackTeam "Anglian Avengers 3"]

1. d4 d5 2. Bf4 Nf6 3. e3 g6 4. Nf3 Bg7 5. Bd3 O-O 6. h3 c5 7. c3 cxd4 8. cxd4
Nc6 9. Nc3 a6 10. Rc1 b5 11. O-O Bd7 12. Ne5 Rc8 13. Qb3 Be6 14. Nxc6 Rxc6 15.
a4 bxa4 16. Qxa4 Qc8 17. Qa3 Re8 18. Ra1 Bxh3 19. gxh3 Qxh3 20. Be2 Ng4 21.
Bxg4 Qxg4+ 22. Bg3 g5 23. Qa4 Rh6 24. Qd1 Qh3 25. Qf3 e5 26. Qg2 Qh5 27. Nxd5
exd4 28. exd4 Bxd4 29. Rfe1 Rhe6 30. Rxe6 Rxe6 31. Nc7 Re7 32. Qa8+ Kg7 33.
Ne8+ Kg6 34. Qxa6+ Re6 35. Qd3+ f5 36. Qxd4 Rxe8 37. Qd6+ Kf7 38. Ra7+ Kg8 39.
Qd5+ 1-0

[Event "4NCL Division 4 South"]
[Site "Reading, ENG"]
[Date "2017.01.15"]
[Round "4.55"]
[White "John, Adam"]
[Black "Ross, Stuart"]
[Result "1-0"]
[WhiteElo "1589"]
[BlackElo "1735"]
[PlyCount "99"]
[EventDate "2017.01.15"]
[WhiteTeam "Anglian Avengers 3"]
[BlackTeam "Shropshire 2"]

1. e4 c5 2. Nf3 d6 3. g3 Nc6 4. Bg2 Nf6 5. d3 g6 6. O-O Bg7 7. Nbd2 O-O 8. Nc4
e5 9. Bd2 h6 10. Qc1 Kh7 11. Re1 Rb8 12. a3 b5 13. Ne3 Nd4 14. Qd1 Be6 15. b3
a5 16. a4 bxa4 17. Rxa4 Nc6 18. Qa1 Ra8 19. Rb1 d5 20. Ne1 d4 21. Nc4 Bxc4 22.
bxc4 Nb4 23. Rb3 h5 24. Rba3 Bh6 25. Bxh6 Kxh6 26. Rxa5 Rxa5 27. Rxa5 Nd7 28.
Rb5 Qc7 29. c3 dxc3 30. Qxc3 Qd6 31. Bf1 Ra8 32. Bh3 Nb8 33. Qd2+ Kg7 34. Qe3
Ra1 35. Kg2 N8a6 36. Qe2 Ra3 37. Qb2 Ra2 38. Qc3 Qf6 39. Nf3 g5 40. g4 Qf4 41.
Qxe5+ Qxe5 42. Nxe5 hxg4 43. Bxg4 Rd2 44. Rb7 Nxd3 45. Rxf7+ Kg8 46. Rf5 Nf4+
47. Kg3 Ne2+ 48. Bxe2 Rxe2 49. Rxg5+ Kf8 50. f3 1-0

[Event "4NCL Division 4 South"]
[Site "Reading, ENG"]
[Date "2017.01.15"]
[Round "4.56"]
[White "Peck, Windsor W A"]
[Black "John, Amy"]
[Result "1-0"]
[WhiteElo "1547"]
[BlackElo "1397"]
[PlyCount "97"]
[EventDate "2017.01.15"]
[WhiteTeam "Shropshire 2"]
[BlackTeam "Anglian Avengers 3"]

1. d4 d5 2. Nf3 Nf6 3. e3 Nc6 4. Nbd2 Bf5 5. a3 e6 6. c4 Be7 7. Be2 O-O 8. O-O
Re8 9. b4 a6 10. Bb2 Rb8 11. Rc1 Na7 12. Ne5 b5 13. cxb5 axb5 14. Nb3 c6 15.
Nxc6 Nxc6 16. Rxc6 Rb6 17. Qc1 Qd7 18. Rxb6 Rc8 19. Nc5 Qa7 20. Rxb5 Nd7 21.
Rb7 Qxb7 22. Nxb7 Rxc1 23. Rxc1 h6 24. g4 Bg6 25. Rc7 Bf8 26. Rxd7 Bc2 27. Rd8
f5 28. Nc5 Kf7 29. Rxf8+ Kxf8 30. Nxe6+ Ke7 31. gxf5 Kf6 32. Nc5 Bxf5 33. b5
Bc8 34. b6 g5 35. a4 Kf5 36. a5 h5 37. Bxh5 g4 38. Be8 g3 39. Bd7+ Bxd7 40.
Nxd7 gxh2+ 41. Kxh2 Ke4 42. b7 Kf3 43. Kg1 Ke2 44. b8=Q Ke1 45. Qb4+ Kd1 46.
Kf1 Kc2 47. Ke2 Kb1 48. Bc3+ Ka2 49. Qb2# 1-0

[Event "4NCL Division 4 South"]
[Site "Reading, ENG"]
[Date "2017.01.15"]
[Round "4.61"]
[White "Ng, Chung Lok Andrew"]
[Black "Balouka Myers, Gabriel"]
[Result "1-0"]
[WhiteElo "1930"]
[BlackElo "1817"]
[PlyCount "35"]
[EventDate "2017.01.15"]
[WhiteTeam "Wood Green MM 2"]
[BlackTeam "Barnet Knights 2"]

1. e4 c6 2. d4 d5 3. exd5 cxd5 4. c4 Nf6 5. Nc3 e6 6. Nf3 a6 7. Bg5 dxc4 8.
Bxc4 b5 9. Bb3 Be7 10. O-O O-O 11. Ne5 Bb7 12. Re1 b4 13. Nxf7 Rxf7 14. Bxe6
bxc3 15. Bxf6 Bxf6 16. Qb3 Qc7 17. Bxf7+ Qxf7 18. Re8# 1-0

[Event "4NCL Division 4 South"]
[Site "Reading, ENG"]
[Date "2017.01.15"]
[Round "4.62"]
[White "Balouka Myers, Reuben"]
[Black "Guha, Chirag"]
[Result "0-1"]
[WhiteElo "1712"]
[BlackElo "1922"]
[PlyCount "40"]
[EventDate "2017.01.15"]
[WhiteTeam "Barnet Knights 2"]
[BlackTeam "Wood Green MM 2"]

1. Nf3 d5 2. g3 Nf6 3. Bg2 e6 4. d4 Be7 5. O-O O-O 6. c4 dxc4 7. Ne5 Nc6 8.
Bxc6 bxc6 9. Nxc6 Qe8 10. Nxe7+ Qxe7 11. Qa4 e5 12. dxe5 Qxe5 13. Qxc4 Be6 14.
Qd3 Rad8 15. Qe3 Qh5 16. f3 Rfe8 17. Qg5 Qh3 18. Nc3 Bc4 19. Re1 Bxe2 20. Qf4
Bxf3 0-1

[Event "4NCL Division 4 South"]
[Site "Reading, ENG"]
[Date "2017.01.15"]
[Round "4.63"]
[White "Holton, Jake"]
[Black "Willmoth, Harrison"]
[Result "1-0"]
[WhiteElo "1931"]
[BlackElo "1697"]
[PlyCount "78"]
[EventDate "2017.01.15"]
[WhiteTeam "Wood Green MM 2"]
[BlackTeam "Barnet Knights 2"]

1. Nf3 d6 2. d4 Bg4 3. c4 Bxf3 4. exf3 c6 5. Bd3 Nf6 6. O-O g6 7. Nc3 Bg7 8.
Re1 O-O 9. Bg5 Nbd7 10. Qd2 Re8 11. Bf1 d5 12. cxd5 cxd5 13. Rac1 a6 14. Bf4 e6
15. Na4 b5 16. Bc7 Qe7 17. Nb6 Nxb6 18. Bxb6 Rec8 19. a4 Qb7 20. Bc5 Nd7 21.
Qb4 Rab8 22. axb5 axb5 23. Bd6 Rxc1 24. Rxc1 Rd8 25. Qxb5 Qxb5 26. Bxb5 Nf8 27.
Be5 Bxe5 28. dxe5 Rb8 29. Rc5 g5 30. b3 Ng6 31. Ba4 Nxe5 32. Kf1 Nd3 33. Rc3
Nb4 34. Ke2 Kg7 35. Rc5 f6 36. Rb5 Rxb5 37. Bxb5 d4 38. g3 e5 39. g4 Kf7 1-0

[Event "4NCL Division 4 South"]
[Site "Reading, ENG"]
[Date "2017.01.15"]
[Round "4.64"]
[White "Gilmore, Samuel"]
[Black "Karamazondo, Ernest"]
[Result "1/2-1/2"]
[WhiteElo "1645"]
[BlackElo "1982"]
[PlyCount "36"]
[EventDate "2017.01.15"]
[WhiteTeam "Barnet Knights 2"]
[BlackTeam "Wood Green MM 2"]

1. d4 Nf6 2. c4 e5 3. dxe5 Ng4 4. Nf3 Bc5 5. e3 Nc6 6. Be2 Ngxe5 7. Nxe5 Nxe5
8. O-O O-O 9. Nd2 Re8 10. Qc2 a5 11. b3 Ra6 12. Nf3 Rg6 13. Bb2 Nxf3+ 14. Bxf3
Qh4 15. g3 Qh3 16. Bg2 Qh5 17. Qc3 b6 18. Rac1 Bf8 1/2-1/2

[Event "4NCL Division 4 South"]
[Site "Reading, ENG"]
[Date "2017.01.15"]
[Round "4.65"]
[White "Green, Emily"]
[Black "Atalla, George"]
[Result "1/2-1/2"]
[WhiteElo "1795"]
[BlackElo "1577"]
[PlyCount "113"]
[EventDate "2017.01.15"]
[WhiteTeam "Wood Green MM 2"]
[BlackTeam "Barnet Knights 2"]

1. Nf3 d5 2. c4 e6 3. b3 Nf6 4. g3 Be7 5. Bg2 O-O 6. O-O b6 7. Bb2 Bb7 8. d4 c5
9. e3 Nc6 10. Qc2 Rc8 11. dxc5 Nb4 12. Qe2 Bxc5 13. a3 Nc6 14. b4 Be7 15. Rd1
Qc7 16. cxd5 Nxd5 17. Nc3 Nf6 18. Rac1 Qb8 19. Nb1 Nd5 20. b5 Na5 21. Be5 Qa8
22. a4 Nb3 23. Rxc8 Rxc8 24. Ne1 Bf6 25. Bxd5 Bxd5 26. Bxf6 gxf6 27. Qb2 Kg7
28. Nc3 Bc4 29. f3 Rd8 30. Qc2 Qc8 31. Rxd8 Qxd8 32. Nb1 Qd5 33. Na3 Qd2 34.
Qxd2 Nxd2 35. Nxc4 Nxc4 36. Nd3 Nxe3 37. Kf2 Nd5 38. Nb2 Kf8 39. Ke2 Ke7 40.
Kd3 Kd6 41. Kd4 e5+ 42. Ke4 Kc5 43. Nd3+ Kc4 44. Nb2+ Kb3 45. Kxd5 Kxb2 46. f4
e4 47. Kxe4 Kb3 48. Kf5 Kxa4 49. Kxf6 Kxb5 50. Kxf7 a5 51. f5 a4 52. Kg8 a3 53.
f6 a2 54. f7 a1=Q 55. f8=Q Qa2+ 56. Kh8 Qb2+ 57. Kg8 1/2-1/2

[Event "4NCL Division 4 South"]
[Site "Reading, ENG"]
[Date "2017.01.15"]
[Round "4.66"]
[White "Sezer, Steve"]
[Black "Lovell, William Pm"]
[Result "0-1"]
[WhiteElo "1480"]
[BlackElo "1787"]
[PlyCount "86"]
[EventDate "2017.01.15"]
[WhiteTeam "Barnet Knights 2"]
[BlackTeam "Wood Green MM 2"]

1. d4 d5 2. c4 c6 3. Nc3 Nf6 4. Bg5 e6 5. e3 Be7 6. Bxf6 Bxf6 7. c5 e5 8. Be2
Bf5 9. dxe5 Bxe5 10. Nf3 Bf6 11. Bd3 Bxd3 12. Qxd3 O-O 13. O-O Qa5 14. Rad1
Qxc5 15. Nd4 Nd7 16. f4 Rfe8 17. Rfe1 Qb6 18. Rb1 Nc5 19. Qd2 Ne4 20. Qd3 g6
21. Kf1 Re7 22. Nxe4 Rxe4 23. Nb3 Rae8 24. Kf2 Rxf4+ 25. Kg3 Rfe4 26. Kf3 d4
27. Kf2 dxe3+ 28. Kf3 Qb4 29. a3 Rf4+ 30. Ke2 Rf2+ 31. Kd1 Qg4+ 32. Kc1 Qxg2
33. Nd4 Rd2 34. Qc3 Bxd4 35. Qb3 Qf2 36. Rd1 Rxd1+ 37. Kxd1 e2+ 38. Kc2 e1=Q+
39. Kd3 Qxb1+ 40. Kc4 Qbc2+ 41. Qxc2 Qxc2+ 42. Kxd4 Rd8+ 43. Ke5 Qf5# 0-1

[Event "4NCL Division 4 South"]
[Site "Reading, ENG"]
[Date "2017.01.15"]
[Round "4.71"]
[White "Remus Elliot, Luke"]
[Black "Pafura, Godfrey Bisereko"]
[Result "1-0"]
[WhiteElo "1779"]
[BlackElo "2023"]
[PlyCount "65"]
[EventDate "2017.01.15"]
[WhiteTeam "Wood Green MM 3"]
[BlackTeam "Throw in the Tal 1"]

1. e4 c6 2. d4 d5 3. Nc3 e6 4. Nf3 Bb4 5. Bd3 dxe4 6. Bxe4 Nf6 7. Bg5 Bxc3+ 8.
bxc3 Qa5 9. Bd3 Qxc3+ 10. Bd2 Qa3 11. Ne5 O-O 12. O-O Nbd7 13. Bg5 Nxe5 14.
dxe5 Nd5 15. Qh5 g6 16. Qh6 Qc3 17. f4 f5 18. exf6 Nxf6 19. Bxg6 hxg6 20. Qxg6+
Kh8 21. Rad1 Nh7 22. Rf3 Qg7 23. Qh5 Qf7 24. Qh4 b6 25. Rh3 Qf5 26. Rd8 Rxd8
27. Bf6+ Kg8 28. Rg3+ Kf7 29. Bxd8 Nf6 30. Bxf6 e5 31. Bd8 Ke6 32. Rd3 Qf8 33.
f5+ 1-0

[Event "4NCL Division 4 South"]
[Site "Reading, ENG"]
[Date "2017.01.15"]
[Round "4.72"]
[White "Nwachukwu, Chino"]
[Black "Metcalfe, Charlie P"]
[Result "0-1"]
[WhiteElo "2005"]
[BlackElo "1690"]
[PlyCount "90"]
[EventDate "2017.01.15"]
[WhiteTeam "Throw in the Tal 1"]
[BlackTeam "Wood Green MM 3"]

1. e4 e6 2. d4 d5 3. Nd2 c5 4. e5 Nc6 5. Ngf3 cxd4 6. Nb3 Qc7 7. Nbxd4 Nxe5 8.
Bb5+ Bd7 9. Nxe5 Qxe5+ 10. Be3 Nf6 11. O-O a6 12. Bd3 Be7 13. c3 O-O 14. Qd2
Qc7 15. f4 Ng4 16. Rae1 Bd6 17. Qc2 g6 18. Bc1 e5 19. fxe5 Bxe5 20. Rxe5 Qxe5
21. Bf4 Qe7 22. h3 Ne5 23. Re1 f6 24. Re3 Qg7 25. Qb3 Bc6 26. Ne6 Qf7 27. Nxf8
Nxd3 28. Rxd3 Rxf8 29. Be3 Re8 30. Qd1 Bb5 31. c4 Bxc4 32. Rc3 Bb5 33. Bd4 f5
34. Qc1 Bc6 35. Re3 Re4 36. Rxe4 dxe4 37. Qf4 Qe7 38. Qb8+ Kf7 39. Qh8 Ke6 40.
Qg8+ Kd7 41. Qc4 e3 42. Bc5 e2 43. Qd4+ Kc8 44. Qh8+ Be8 45. Kh2 Qc7+ 0-1

[Event "4NCL Division 4 South"]
[Site "Reading, ENG"]
[Date "2017.01.15"]
[Round "4.73"]
[White "Desai, Nilomi"]
[Black "Pink, Joshua"]
[Result "1/2-1/2"]
[WhiteElo "1690"]
[BlackElo "2042"]
[PlyCount "98"]
[EventDate "2017.01.15"]
[WhiteTeam "Wood Green MM 3"]
[BlackTeam "Throw in the Tal 1"]

1. d4 d5 2. Nf3 e6 3. c4 Nf6 4. g3 c6 5. Bg2 Bd6 6. O-O Nbd7 7. Qc2 Ne4 8. Nbd2
f5 9. b3 O-O 10. Bb2 Qf6 11. Rac1 Qh6 12. Rfd1 Ndf6 13. h3 g5 14. Ne5 g4 15. h4
Bd7 16. Nxe4 fxe4 17. Qd2 Qxd2 18. Rxd2 Be8 19. e3 Bf7 20. Bf1 Bxe5 21. dxe5
Nd7 22. Be2 h5 23. Bf1 Rfe8 24. Bg2 Nf8 25. a4 Ng6 26. b4 Rac8 27. Bd4 a6 28.
Rdc2 Kh7 29. b5 c5 30. cxd5 exd5 31. Rxc5 Be6 32. Rc7+ Rxc7 33. Rxc7+ Re7 34.
Rxe7+ Nxe7 35. bxa6 bxa6 36. a5 Nc6 37. Bc3 Kg6 38. Kf1 Kf5 39. Ke1 Nxe5 40.
Kd2 Nd3 41. Bf1 Bc8 42. Bxd3 exd3 43. Kxd3 Bd7 44. Kd4 Ke6 45. e4 dxe4 46. Kxe4
Kf7 47. Kf4 Kg6 48. f3 gxf3 49. Kxf3 Bg4+ 1/2-1/2

[Event "4NCL Division 4 South"]
[Site "Reading, ENG"]
[Date "2017.01.15"]
[Round "4.74"]
[White "Smith, Richard W"]
[Black "Johnson, Elizabeth"]
[Result "1/2-1/2"]
[WhiteElo "1945"]
[BlackElo "1399"]
[PlyCount "68"]
[EventDate "2017.01.15"]
[WhiteTeam "Throw in the Tal 1"]
[BlackTeam "Wood Green MM 3"]

1. d4 d5 2. Nf3 Nf6 3. c4 e6 4. g3 c6 5. Bg2 Nbd7 6. O-O Bb4 7. a3 Ba5 8. Bg5
h6 9. Bxf6 Nxf6 10. Nc3 Bxc3 11. bxc3 Qc7 12. Ne5 Nd7 13. Nxd7 Bxd7 14. Rb1 Rb8
15. e4 dxc4 16. Qe2 b5 17. e5 O-O 18. Rfd1 Rfd8 19. Qe3 a6 20. Be4 Be8 21. Bc2
Qe7 22. Qe4 g6 23. Qe3 Kg7 24. Ra1 Ra8 25. h4 h5 26. Be4 Ra7 27. Kg2 Rc7 28.
Qf3 c5 29. dxc5 Rxd1 30. Rxd1 Rxc5 31. Qe3 Bc6 32. Rd6 Bxe4+ 33. Qxe4 a5 34. f4
Rc7 1/2-1/2

[Event "4NCL Division 4 South"]
[Site "Reading, ENG"]
[Date "2017.01.15"]
[Round "4.75"]
[White "Lazarevic, Ljubica"]
[Black "Ireland, David J"]
[Result "0-1"]
[WhiteElo "1335"]
[BlackElo "1990"]
[PlyCount "100"]
[EventDate "2017.01.15"]
[WhiteTeam "Wood Green MM 3"]
[BlackTeam "Throw in the Tal 1"]

1. e4 c5 2. Nc3 Nc6 3. d3 e6 4. g3 Nf6 5. Bg2 d5 6. exd5 Nxd5 7. Nxd5 exd5 8.
Nf3 Bg4 9. O-O Be7 10. h3 Bh5 11. g4 Bg6 12. Re1 O-O 13. Ne5 Bf6 14. Nxg6 hxg6
15. c3 d4 16. c4 Qd6 17. Bd2 Rae8 18. Be4 Bd8 19. Qf3 Bc7 20. Qg2 Nd8 21. f4
Ne6 22. Rf1 Rb8 23. f5 Nd8 24. fxg6 fxg6 25. Rxf8+ Qxf8 26. Rf1 Qe7 27. Bxg6
Qd6 28. Be4 b5 29. Bd5+ Kh8 30. Bf4 Qxf4 31. Rxf4 Bxf4 32. b3 bxc4 33. dxc4 d3
34. Kf1 d2 35. Ke2 Nb7 36. Bxb7 Re8+ 37. Be4 g5 38. Qf3 Rd8 39. Kd1 a5 40. Qc3+
Rd4 41. Qxa5 Kg7 42. Qa7+ Kf6 43. Bd5 Rd3 44. Qf7+ Ke5 45. Qf5+ Kd4 46. Qe4+
Kc3 47. h4 Rg3 48. Qc2+ Kb4 49. h5 Rg1+ 50. Ke2 Re1+ 0-1

[Event "4NCL Division 4 South"]
[Site "Reading, ENG"]
[Date "2017.01.15"]
[Round "4.76"]
[White "Goodwin, Ed H"]
[Black "Kirby, Andrew"]
[Result "1/2-1/2"]
[WhiteElo "1900"]
[BlackElo "992"]
[PlyCount "94"]
[EventDate "2017.01.15"]
[WhiteTeam "Throw in the Tal 1"]
[BlackTeam "Wood Green MM 3"]

1. d4 e6 2. Nf3 f5 3. g3 Nf6 4. Bg2 Be7 5. O-O O-O 6. c4 d6 7. Nc3 Nbd7 8. Qb3
Kh8 9. Ng5 Nb6 10. Rd1 h6 11. Nf3 Qe8 12. a4 a5 13. Nb5 Qd7 14. Nc3 Qe8 15. Nb5
Qd8 16. Qc2 c6 17. Na3 Nbd7 18. b3 d5 19. cxd5 cxd5 20. Nb5 Nb6 21. Ne5 Kh7 22.
Ba3 Bxa3 23. Nxa3 Nbd7 24. Nd3 Re8 25. Rac1 b6 26. e3 Ba6 27. Bf1 Qe7 28. Qa2
Rac8 29. Ne5 Bxf1 30. Rxf1 Ne4 31. Nb5 Nxe5 32. dxe5 Rc5 33. Qb2 Rec8 34. Kg2
Qd7 35. f3 Ng5 36. Rxc5 bxc5 37. Qd2 Qd8 38. Rc1 Nf7 39. f4 g5 40. Kh1 Kg6 41.
Rc2 Qb6 42. Qc1 Rc6 43. Nd4 Rc8 44. Nb5 h5 45. Qf1 c4 46. Nd4 Qc5 47. Qe2 Nd8
1/2-1/2